[Event "For those of us in need of a bit more practise!"]
[Site "SchemingMind.com"]
[Date "2007.03.23"]
[Round "-"]
[White "St.Alfonzo"]
[Black "Hexsaw"]
[Result "0-1"]
[WhiteCountry "CAN"]
[BlackCountry "ENG"]
[WhiteElo "1299"]
[WhiteRD "95"]
[BlackElo "1285"]
[BlackRD "79"]
[GameID "97204"]

1. d4 d5 2. Bg5 Nc6 3. Nf3 f6 4. Nc3 fxg5 5. Nxg5 e5 6. Nh3 e4 7. e3 Nf6 8. Bb5 Bd7 9. O-O Bf5 10. Nf4 g5
11. Ne6 Bxe6 12. Bxc6+ bxc6 13. Ne2 Rb8 14. b3 Bd6 15. Ng3 Bg4 16. Qd2 h5 17. a4 h4 18. Ne2 c5 19. Qa5 Bxe2 20. Rfe1 Bh5
21. Qxa7 c4 22. bxc4 Rb2 23. c3 Ng4 24. f3 Bxh2+ 25. Kh1 exf3 26. gxf3 Ne5 27. Rf1 h3 28. Qc5 Nxf3 29. Qa3 Re2 30. Qc1 Qe7
31. Rb1 Rf8 32. Rb2 Qe4 33. Rxe2 Bg3 34. Rxf3 Qxf3+
0-1

[Event "For those of us in need of a bit more practise!"]
[Site "SchemingMind.com"]
[Date "2007.03.20"]
[Round "-"]
[White "Hexsaw"]
[Black "St.Alfonzo"]
[Result "0-1"]
[WhiteCountry "ENG"]
[BlackCountry "CAN"]
[WhiteElo "1285"]
[WhiteRD "79"]
[BlackElo "1299"]
[BlackRD "95"]
[GameID "97205"]

1. d4 b6 2. e3 d5 3. Nc3 Bb7 4. Nf3 Nf6 5. Ne5 Qd6 6. b3 Ne4 7. Nxe4 dxe4 8. Bd2 Qa3 9. c4 Bc8 10. Be2 e6
11. O-O Bd6 12. Bg4 O-O 13. d5 Nd7 14. Nxd7 Bxd7 15. f4 exf3 16. Qxf3 Qb2 17. Qf2 Qe5 18. g3 Qg5 19. h3 Be5 20. e4 Qe7
21. Rae1 Qa3 22. dxe6 Bxe6 23. Bxe6 fxe6 24. Qe3 Rxf1+ 25. Rxf1 Qxa2 26. Qg5 Bd4+ 27. Rf2 Bxf2+ 28. Kxf2 Qxb3 29. Qe7 Qxc4 30. g4 Qc6
31. h4 Re8 32. Qb4 Qc5+ 33. Qxc5 bxc5 34. h5 Ra8 35. Ke2 a5 36. Ke3 a4 37. Bc1 Kf7 38. e5 a3 39. Kd3 a2 40. Bb2 a1=Q
41. Bxa1 Rxa1 42. g5 Ra4 43. Kc3 c4 44. Kd4 c5+ 45. Kxc5 c3 46. Kb5 Rh4
0-1

[Event "For those of us in need of a bit more practise!"]
[Site "SchemingMind.com"]
[Date "2007.03.23"]
[Round "-"]
[White "MIFL"]
[Black "Hexsaw"]
[Result "1-0"]
[WhiteCountry "USA"]
[BlackCountry "ENG"]
[WhiteElo "1346"]
[WhiteRD "74"]
[BlackElo "1234"]
[BlackRD "81"]
[GameID "97723"]

1. e4 Nc6 2. c3 e5 3. Bc4 Nge7 4. Nf3 d6 5. Ng5 f6 6. Nf7 Qd7 7. Nxh8 d5 8. Qh5+ Kd8 9. Qf7 dxc4 10. Qxf8+ Qe8
11. Qxg7 b6 12. Qxf6 Ba6 13. O-O Kd7 14. Nf7 Qg8 15. Nxe5+ Kd8 16. Nxc6+
1-0

[Event "For those of us in need of a bit more practise!"]
[Site "SchemingMind.com"]
[Date "2007.03.22"]
[Round "-"]
[White "MIFL"]
[Black "St.Alfonzo"]
[Result "0-1"]
[WhiteCountry "USA"]
[BlackCountry "CAN"]
[WhiteElo "1346"]
[WhiteRD "74"]
[BlackElo "1253"]
[BlackRD "105"]
[GameID "97724"]

1. e4 d5 2. e5 Nc6 3. Bb5 e6 4. Nf3 f6 5. a3 Bd7 6. c3 Nxe5 7. Nd4 Qe7 8. O-O O-O-O 9. d3 Bxb5 10. Nxb5 Qc5
11. Nd4 g5 12. b4 Qe7 13. Be3 Nc6 14. Nb5 Kb8 15. Qa4 a6 16. Nd4 Qg7 17. Nxe6 Qh6 18. b5 Bd6 19. g3 Re8 20. bxc6 Rxe6
21. Qb3 b5 22. a4 Ne7 23. Nd2 Nxc6 24. Nf3 Bxg3 25. fxg3 Ne5 26. Qxd5 Qh5 27. Qxe6 Nxf3+ 28. Rxf3 Qxf3 29. Rf1 Qe2 30. Qxf6 Qxe3+
31. Rf2 Re8 32. Kg2 Re6 33. Qd8+ Kb7 34. Qd5+ Kb6 35. a5+ Kxa5 36. Ra2+ Kb6 37. d4 Qe4+ 38. Qxe4 Rxe4 39. Rb2 c5 40. d5 b4
41. Kf3 Re5 42. c4 h5 43. g4 h4 44. Re2 Rxe2 45. Kxe2 a5 46. Kd3 a4 47. Ke4 a3 48. Ke5 a2 49. d6 a1=Q+ 50. Ke6 Qd1
51. h3 Kc6 52. Kf6 b3 53. Kxg5 b2 54. Kxh4 b1=Q 55. Kh5 Qf3 56. h4 Qf7+
0-1

[Event "For those of us in need of a bit more practise!"]
[Site "SchemingMind.com"]
[Date "2007.03.23"]
[Round "-"]
[White "Hexsaw"]
[Black "MIFL"]
[Result "1-0"]
[WhiteCountry "ENG"]
[BlackCountry "USA"]
[WhiteElo "1317"]
[WhiteRD "78"]
[BlackElo "1305"]
[BlackRD "65"]
[GameID "97725"]

1. d4 c6 2. e4 d5 3. Nc3 Nf6 4. e5 Ne4 5. Nxe4 dxe4 6. c3 e6 7. Bc4 Be7 8. Nh3 Nd7 9. O-O b5 10. Bb3 a5
11. Re1 h6 12. Rxe4 Bb7 13. Nf4 c5 14. d5 c4 15. d6 Bxe4 16. dxe7 Qxe7 17. Be3 cxb3 18. Qxb3 Bc6 19. f3 O-O 20. Rd1 Ra7
21. Bxa7 Nc5 22. Qc2 Qxa7 23. Nh5 Ne4+ 24. Kf1 Nc5 25. Qf2 Qe7 26. Qg3 g6 27. Qf4 b4 28. Nf6+ Kg7 29. a3 Bb5+ 30. Kf2 Rd8
31. Rd4 Na4 32. c4 Ba6 33. axb4 axb4 34. b3 Nc5 35. g4 g5 36. Qe3 Nb7 37. Nh5+ Kg8 38. Qe4 Nc5 39. Qe3 Bb7 40. f4 Ra8
41. f5 Ra2+ 42. Kg3 Rb2 43. f6 Rxb3 44. fxe7 Rxe3+ 45. Kf2 Bc6 46. Nf6+ Kg7 47. Nh5+ Kh7 48. Kxe3 b3 49. Rd6 b2 50. Nf6+ Kg7
51. Rd1 Na4 52. Kd3 Nb6 53. Rb1 Na4 54. Kd4 Kh8 55. Kd3 Kg7 56. Kc2 Nb6 57. Kb3 Na4 58. Kb4 Nb6 59. Rxb2 Nc8 60. Kc5 Nxe7
61. Rb8 h5 62. gxh5 Kh6 63. Rf8 Nf5 64. Kxc6 Ne3 65. c5 g4 66. Rh8+ Kg7 67. Rg8+ Kh6 68. Kd7 Nc4 69. h4 Nxe5+ 70. Ke7 Nc6+
71. Kxf7 e5 72. Rh8#
1-0

[Event "For those of us in need of a bit more practise!"]
[Site "SchemingMind.com"]
[Date "2007.03.22"]
[Round "-"]
[White "St.Alfonzo"]
[Black "MIFL"]
[Result "0-1"]
[WhiteCountry "CAN"]
[BlackCountry "USA"]
[WhiteElo "1224"]
[WhiteRD "121"]
[BlackElo "1344"]
[BlackRD "79"]
[GameID "97726"]

1. d4 e6 2. e4 d5 3. e5 a6 4. Nf3 h6 5. Bd3 f6 6. O-O f5 7. Nc3 Nc6 8. Nh4 Qxh4 9. g3 Qxd4 10. Qh5+ Kd8
11. Qf7 Be7 12. Qxg7 Bc5 13. Qxh8 Qg4 14. Bxh6 Be7 15. Bf4 Bf8 16. Be2 Qg6 17. Qh4+ Be7 18. Qh3 Nd4 19. Bd3 c6 20. Be3 Nf3+
21. Kg2 Nxe5 22. Qh4 Bxh4
0-1

[Event "For those of us in need of a bit more practise!"]
[Site "SchemingMind.com"]
[Date "2007.03.23"]
[Round "-"]
[White "joab"]
[Black "MIFL"]
[Result "1-0"]
[WhiteCountry "CAN"]
[BlackCountry "USA"]
[WhiteElo "1357"]
[WhiteRD "50"]
[BlackElo "1346"]
[BlackRD "74"]
[GameID "97775"]

1. e4 e5 2. Nf3 Nc6 3. d4 d6 4. h3 Be7 5. d5 Na5 6. Bd2 b6 7. Bb5+ Kf8 8. Qe2 a6 9. Ba4 b5 10. Bb3 Nb7
11. c4 Nf6 12. Nc3 Nc5 13. Be3 Nxb3 14. axb3 Nh5 15. cxb5 h6 16. bxa6 Bxa6 17. Rxa6 Rb8 18. Nb5 Qc8 19. Ba7 Qxa6 20. Bxb8 Qa1+
21. Qd1 Qa5+ 22. Nc3 g6 23. O-O Kg7 24. Bxc7 Qxc7 25. Qe2 Rb8 26. Qc2 Rb6 27. b4 Rxb4 28. Nh2 Nf6 29. f3 Qc5+ 30. Qf2 Qc8
31. Rb1 Bd8 32. Kh1 g5 33. Qe1 Bb6 34. Ne2 Nh5 35. Qxb4 Bc5 36. Qc3 Qa6 37. Qc2 f6 38. Ng4 Nf4 39. Nxf4 gxf4 40. b4 Ba7
41. b5 Qb6 42. Qc6 Qd8 43. Qb7+ Kg6 44. Qxa7 h5 45. b6 hxg4 46. b7 Kg5 47. b8=Q Kh4 48. Qxd8 Kg3 49. Qg8
1-0

[Event "For those of us in need of a bit more practise!"]
[Site "SchemingMind.com"]
[Date "2007.03.23"]
[Round "-"]
[White "joab"]
[Black "Hexsaw"]
[Result "1-0"]
[WhiteCountry "CAN"]
[BlackCountry "ENG"]
[WhiteElo "1376"]
[WhiteRD "58"]
[BlackElo "1285"]
[BlackRD "79"]
[GameID "97776"]

1. e4 c5 2. Nf3 d6 3. c3 Nc6 4. d4 c4 5. Bxc4 Bg4 6. Bxf7+ Kxf7 7. Ng5+ Ke8 8. Qxg4 h6 9. Qh5+ Kd7 10. Nf7 Nf6
11. Qf5+ e6 12. Nxd8 exf5 13. Nxc6 bxc6 14. exf5 Re8+ 15. Be3 d5 16. Nd2 Be7 17. h3 Ref8 18. f3 Nh5 19. Kf2 Rxf5 20. g4 Rf7
21. gxh5 Bh4+ 22. Ke2 Re8 23. Kd3 c5 24. b3 c4+ 25. bxc4 dxc4+ 26. Nxc4 Bf6 27. f4 Rfe7 28. Ne5+ Bxe5 29. fxe5 Rf8 30. Raf1 Ref7
31. Rxf7+ Rxf7 32. h4 Rf5 33. Rg1 Rxh5 34. Rxg7+ Kc6 35. Rxa7 Kb6 36. Rh7 Rxh4 37. Rxh6+
1-0

[Event "For those of us in need of a bit more practise!"]
[Site "SchemingMind.com"]
[Date "2007.03.23"]
[Round "-"]
[White "joab"]
[Black "St.Alfonzo"]
[Result "1-0"]
[WhiteCountry "CAN"]
[BlackCountry "CAN"]
[WhiteElo "1357"]
[WhiteRD "50"]
[BlackElo "1253"]
[BlackRD "105"]
[GameID "97777"]

1. e4 d5 2. exd5 Qxd5 3. Nc3 Qd8 4. d4 Nc6 5. Be3 Nf6 6. Qd2 Bg4 7. f3 Bf5 8. g4 Be6 9. g5 Nd5 10. Bc4 Nxc3
11. Bxe6 fxe6 12. Qxc3 Qd5 13. Qb3 O-O-O 14. h4 Qxb3 15. axb3 a6 16. c3 e5 17. b4 exd4 18. Bd2 dxc3 19. bxc3 e5 20. Kf2 Rxd2+
21. Ke3 Rd8 22. Ne2 Re8 23. Rhd1 h6 24. Nc1 hxg5 25. Nd3 gxh4 26. b5 axb5 27. Nb4 Nxb4 28. Ra8#
1-0

[Event "For those of us in need of a bit more practise!"]
[Site "SchemingMind.com"]
[Date "2007.03.23"]
[Round "-"]
[White "MIFL"]
[Black "joab"]
[Result "0-1"]
[WhiteCountry "USA"]
[BlackCountry "CAN"]
[WhiteElo "1346"]
[WhiteRD "74"]
[BlackElo "1357"]
[BlackRD "50"]
[GameID "97778"]

1. e4 d5 2. Nc3 d4 3. Nd5 e6 4. Nf4 Bd6 5. Nh5 Qg5 6. d3 Qg6 7. b3 Nf6 8. Nf4 Qg5 9. h4 Bb4+ 10. Bd2 Qxf4
11. Bxb4 Ng4 12. Nf3 b6 13. g3 Qh6 14. Qe2 c5 15. Ba3 e5 16. Nxe5 Nxe5 17. f4 Ng4 18. O-O-O O-O 19. Bg2 Ne3 20. Rde1 Bg4
21. Bf3 Bxf3 22. Qxf3 Nd7 23. Kb1 Nf6 24. Bc1 Nfg4 25. e5 Rae8 26. Qb7 Ra8 27. Re2 Qe6 28. Qe4 Qd5 29. Qxd5 Nxd5 30. h5 Rae8
31. Bd2 Re6 32. Rh4 f5 33. a4 a5 34. Rh1 Ra8 35. Ka1 Nde3 36. Kb1 Kf7 37. c4 h6 38. Kb2 Rh8 39. Ka3 Ra8 40. Rb1 Ra7
41. b4 axb4+ 42. Bxb4 Re8 43. Bd2 Rea8 44. Rxb6 Rxa4+ 45. Kb3 Ra3+ 46. Kb2 Ra2+ 47. Kc1 Rc2+ 48. Kb1 Raa2 49. Rb7+ Kg8 50. e6 Rxd2
51. Rxd2 Rxd2 52. Rb8+ Kh7 53. e7 Nf6 54. Rc8 Rxd3 55. Rxc5 Rc3 56. Rc6 Neg4 57. Rc5 d3 58. Rd5 Ne3 59. Re5 d2 60. Kb2 Rxc4
61. Rxe3 d1=N+ 62. Kb3 Nxe3 63. g4 fxg4 64. f5 g3 65. Kb2 g2
0-1

[Event "For those of us in need of a bit more practise!"]
[Site "SchemingMind.com"]
[Date "2007.03.23"]
[Round "-"]
[White "Hexsaw"]
[Black "joab"]
[Result "1-0"]
[WhiteCountry "ENG"]
[BlackCountry "CAN"]
[WhiteElo "1234"]
[WhiteRD "81"]
[BlackElo "1357"]
[BlackRD "50"]
[GameID "97779"]

1. d4 d5 2. Nc3 Nf6 3. Nf3 e6 4. e3 Nbd7 5. Bb5 c6 6. Ba4 Bd6 7. O-O Qc7 8. Re1 O-O 9. e4 Qb6 10. e5 Nxe5
11. Nxe5 Bxe5 12. Rxe5 Ng4 13. Qxg4
1-0

[Event "For those of us in need of a bit more practise!"]
[Site "SchemingMind.com"]
[Date "2007.03.23"]
[Round "-"]
[White "St.Alfonzo"]
[Black "joab"]
[Result "0-1"]
[WhiteCountry "CAN"]
[BlackCountry "CAN"]
[WhiteElo "1224"]
[WhiteRD "121"]
[BlackElo "1389"]
[BlackRD "59"]
[GameID "97780"]

1. d4 d5 2. Bg5 Nc6 3. Nc3 Bf5 4. e3 a6 5. Qf3 Qd7 6. O-O-O O-O-O 7. g3 f6 8. e4 dxe4 9. Nxe4 Nxd4 10. Be3 Bxe4
11. Qxe4 Nb3+
0-1

[Event "For those of us in need of a bit more practise!"]
[Site "SchemingMind.com"]
[Date "2007.03.23"]
[Round "-"]
[White "loulou19"]
[Black "MIFL"]
[Result "1-0"]
[WhiteCountry "GBR"]
[BlackCountry "USA"]
[WhiteElo "1435"]
[WhiteRD "91"]
[BlackElo "1344"]
[BlackRD "79"]
[GameID "97825"]

1. e4 e5 2. Nf3 f6 3. Nxe5 fxe5 4. Qh5+ Ke7 5. Qxe5+ Kf7 6. Bc4+ Kg6 7. Qf5+ Kh6 8. h4 g6 9. d3+ g5 10. Bxg5+ Kg7
11. Qf7#
1-0

[Event "For those of us in need of a bit more practise!"]
[Site "SchemingMind.com"]
[Date "2007.03.23"]
[Round "-"]
[White "loulou19"]
[Black "Hexsaw"]
[Result "1-0"]
[WhiteCountry "GBR"]
[BlackCountry "ENG"]
[WhiteElo "1461"]
[WhiteRD "71"]
[BlackElo "1234"]
[BlackRD "81"]
[GameID "97826"]

1. e4 e5 2. Nf3 Nc6 3. d4 Nge7 4. Bb5 a6 5. Bxc6 Nxc6 6. d5 Nd4 7. Nxd4 exd4 8. Qxd4 d6 9. Nc3 Be7 10. Qxg7 Rf8
11. Qxh7 b5 12. Bh6 c6 13. Bxf8 Bxf8 14. O-O c5 15. Rfe1 Qe7 16. Re3 b4 17. Na4 Qe5 18. Nb6 Rb8 19. Nc4 Qd4 20. Na5 Qxb2
21. Ree1 Qxc2 22. Qh4 Rb5 23. Nc6 c4 24. Qd8#
1-0

[Event "For those of us in need of a bit more practise!"]
[Site "SchemingMind.com"]
[Date "2007.03.23"]
[Round "-"]
[White "loulou19"]
[Black "St.Alfonzo"]
[Result "1-0"]
[WhiteCountry "GBR"]
[BlackCountry "CAN"]
[WhiteElo "1461"]
[WhiteRD "71"]
[BlackElo "1253"]
[BlackRD "105"]
[GameID "97827"]

1. e4 d5 2. exd5 Qxd5 3. Nc3 Qd8 4. d4 Qxd4 5. Qxd4 e6 6. Nf3 Nc6 7. Qd1 Bb4 8. Bd2 Nf6 9. Nb5 O-O 10. c3 Bc5
11. Be3 Ne4 12. Bd3 Bxe3 13. Bxe4 Rd8 14. Qe2 Bc5 15. O-O b6 16. Bxc6 Ba6 17. b4 Bd6 18. Bxa8 Rxa8 19. Qe4 Rd8 20. Ng5 Bxb5
21. Qxh7+ Kf8 22. Qh8+ Ke7 23. Qxg7 Bxf1 24. Qxf7#
1-0

[Event "For those of us in need of a bit more practise!"]
[Site "SchemingMind.com"]
[Date "2007.03.23"]
[Round "-"]
[White "loulou19"]
[Black "joab"]
[Result "1-0"]
[WhiteCountry "GBR"]
[BlackCountry "CAN"]
[WhiteElo "1461"]
[WhiteRD "71"]
[BlackElo "1357"]
[BlackRD "50"]
[GameID "97828"]

1. e4 d5 2. exd5 Qxd5 3. Nc3 Qa5 4. d4 Nf6 5. Nf3 c6 6. Bc4 Bf5 7. O-O e6 8. Bg5 Nbd7 9. h3 Bd6 10. Bd2 Qc7
11. Re1 O-O 12. Ne2 Nb6 13. Bb3 Rad8 14. Bg5 Qe7 15. Nf4 Bxf4 16. Bxf4 Ne4 17. c3 Nd5 18. Bxd5 cxd5 19. Nd2 b5 20. Nxe4 Bxe4
21. f3 Bg6 22. a4 Qd7 23. b3 Rc8 24. Qd2 a6 25. Rec1 f6 26. axb5 Qxb5 27. Bd6 Rfd8 28. Bb4 Qd3 29. Qa2 Ra8 30. Re1 Kf7
31. Rad1 Qc2 32. Qa3 Re8 33. Rc1 Qd3 34. Qa5 e5 35. Qxd5+
1-0

[Event "For those of us in need of a bit more practise!"]
[Site "SchemingMind.com"]
[Date "2007.03.23"]
[Round "-"]
[White "MIFL"]
[Black "loulou19"]
[Result "1-0"]
[WhiteCountry "USA"]
[BlackCountry "GBR"]
[WhiteElo "1344"]
[WhiteRD "79"]
[BlackElo "1435"]
[BlackRD "91"]
[GameID "97829"]

1. e4 e5 2. Nf3 Nc6 3. c3 Nf6 4. Qc2 d5 5. d3 dxe4 6. Nfd2 Bf5 7. h3 Bd6 8. Qa4 exd3 9. a3 e4 10. g4 Be6
11. Nxe4 Nxe4 12. Qxe4 O-O 13. Bxd3 Be7 14. g5 Bd5 15. Qxh7#
1-0

[Event "For those of us in need of a bit more practise!"]
[Site "SchemingMind.com"]
[Date "2007.03.23"]
[Round "-"]
[White "Hexsaw"]
[Black "loulou19"]
[Result "0-1"]
[WhiteCountry "ENG"]
[BlackCountry "GBR"]
[WhiteElo "1285"]
[WhiteRD "79"]
[BlackElo "1457"]
[BlackRD "68"]
[GameID "97830"]

1. d4 Nf6 2. Nc3 d5 3. Nf3 Bg4 4. e3 Nc6 5. Be2 e6 6. Bb5 Bb4 7. O-O Ne4 8. Bd2 O-O 9. a3 Bxc3 10. Bxc3 a6
11. Ba4 b5 12. Bb3 Ne7 13. Ba5 Nc6 14. Qe2 Nxa5 15. Rac1 c5 16. dxc5 Bxf3 17. Qxf3 Nd2 18. Qe2 Nxf1 19. Kxf1 Qc7 20. Qd2 Nxb3
21. cxb3 Qxh2 22. e4 d4 23. Qxd4 Qh1+ 24. Ke2 Qxc1 25. b4 Rfd8 26. Qe5 Rd2+ 27. Ke3 Rd5+
0-1

[Event "For those of us in need of a bit more practise!"]
[Site "SchemingMind.com"]
[Date "2007.03.23"]
[Round "-"]
[White "St.Alfonzo"]
[Black "loulou19"]
[Result "0-1"]
[WhiteCountry "CAN"]
[BlackCountry "GBR"]
[WhiteElo "1253"]
[WhiteRD "105"]
[BlackElo "1461"]
[BlackRD "71"]
[GameID "97831"]

1. d4 d5 2. Bg5 Nf6 3. Nc3 e6 4. Qd3 h6 5. Bxf6 Qxf6 6. Qb5+ c6 7. Qd3 Bb4 8. O-O-O O-O 9. e4 a5 10. Na4 Ra6
11. Nc5 Bxc5 12. dxc5 b5 13. cxb6 Rxb6 14. exd5 cxd5 15. Nf3 Qxb2+ 16. Kd2 Qxa2 17. Ne5 Ba6 18. Qc3 Qa4 19. Be2 f6 20. Ng6 Rc8
21. Ra1 Qe8 22. Qg3 Bxe2 23. Kxe2 Qb5+ 24. Qd3 Rxc2+ 25. Ke3 Qc5+ 26. Kf3 Rc3 27. Qxc3 Qxc3+ 28. Kg4 f5+ 29. Kh5 Qf6 30. Rxa5 Qg5#
0-1

[Event "For those of us in need of a bit more practise!"]
[Site "SchemingMind.com"]
[Date "2007.03.23"]
[Round "-"]
[White "joab"]
[Black "loulou19"]
[Result "1-0"]
[WhiteCountry "CAN"]
[BlackCountry "GBR"]
[WhiteElo "1389"]
[WhiteRD "59"]
[BlackElo "1435"]
[BlackRD "91"]
[GameID "97832"]

1. e4 Nf6 2. d3 e5 3. Nf3 Nc6 4. g3 d5 5. Bg5 Bc5 6. h3 h6 7. exd5 Ne7 8. Be3 Bxe3 9. fxe3 Nexd5 10. e4 Ne3
11. Qe2 Nxf1 12. Qxf1 Nh5 13. Qf2 f6 14. Nc3 Be6 15. O-O-O Qe7 16. Kb1 O-O-O 17. Qxa7 Nxg3 18. Rhg1 Nh5 19. d4 Bxh3 20. dxe5 c6
21. exf6 gxf6 22. Qa8+ Kc7 23. Qa5+ b6 24. Qa7+ Kc8 25. Qxe7
1-0

[Event "For those of us in need of a bit more practise!"]
[Site "SchemingMind.com"]
[Date "2007.03.25"]
[Round "-"]
[White "Queeny"]
[Black "MIFL"]
[Result "1-0"]
[WhiteCountry "ENG"]
[BlackCountry "USA"]
[WhiteElo "1343"]
[WhiteRD "94"]
[BlackElo "1346"]
[BlackRD "74"]
[GameID "98155"]

1. d4 d5 2. Nc3 Nf6 3. e3 Bf5 4. f3 a6 5. g4 Bg6 6. Nge2 Nc6 7. f4 Nxg4 8. Ng3 Nb4 9. e4 Qd7 10. f5 e5
11. fxg6 hxg6 12. dxe5 Nxe5 13. Nxd5 Qc6 14. c3 Nbd3+ 15. Bxd3 O-O-O 16. Bf4 Nf3+ 17. Qxf3 Bd6 18. Bxd6 cxd6 19. Ne7+ Kc7 20. Nxc6 Kxc6
21. Qxf7 Rd7 22. Qxg6 Kb6 23. Nf5 Ka7 24. Nxd6 Rhd8 25. Nf7 Rxf7 26. Qxf7 Rxd3 27. Rd1 Re3+ 28. Kf1 Rxe4 29. Rd7 Kb6 30. Rxb7+ Kc6
31. Qd7+ Kc5 32. b4+
1-0

[Event "For those of us in need of a bit more practise!"]
[Site "SchemingMind.com"]
[Date "2007.03.25"]
[Round "-"]
[White "Queeny"]
[Black "Hexsaw"]
[Result "0-1"]
[WhiteCountry "ENG"]
[BlackCountry "ENG"]
[WhiteElo "1283"]
[WhiteRD "88"]
[BlackElo "1285"]
[BlackRD "79"]
[GameID "98156"]

1. d4 Nc6 2. Nf3 d5 3. e3 Nf6 4. Bb5 e6 5. Nc3 a6 6. Bd3 b5 7. Ne5 g6 8. O-O Nxe5 9. f4 Nxd3 10. Qxd3 Bd6
11. a3 b4 12. axb4 Bxb4 13. Na4 a5 14. Qb5+ Bd7 15. Qb7 Ne4 16. c3 Bd6 17. b3 f6 18. Ba3 Qc8 19. Qxc8+ Bxc8 20. Bxd6 cxd6
21. Nb6 Rb8 22. Nxc8 Rxc8 23. Rxa5 h6 24. Rfa1 g5 25. Ra8 Kf7 26. Rxc8 Rxc8 27. Ra7+ Kg6 28. b4 Rxc3 29. fxg5 Nxg5 30. Rb7 Rxe3
31. Rb8 e5
0-1

[Event "For those of us in need of a bit more practise!"]
[Site "SchemingMind.com"]
[Date "2007.03.25"]
[Round "-"]
[White "Queeny"]
[Black "St.Alfonzo"]
[Result "0-1"]
[WhiteCountry "ENG"]
[BlackCountry "CAN"]
[WhiteElo "1283"]
[WhiteRD "88"]
[BlackElo "1299"]
[BlackRD "95"]
[GameID "98157"]

1. d4 d5 2. Nf3 e6 3. e3 Nf6 4. Ne5 Bb4+ 5. Bd2 Na6 6. c3 Bd6 7. Bd3 Bxe5 8. dxe5 Ne4 9. f3 Nec5 10. Bxa6 Nxa6
11. O-O Nc5 12. b4 Nd3 13. f4 Nb2 14. Qc2 Nc4 15. a4 b6 16. Na3 Ba6 17. b5 Bb7 18. Qd3 Nxd2 19. Qxd2 Qh4 20. Rad1 Qg4
21. c4 Rd8 22. Rf3 O-O 23. Rg3 Qf5 24. Nc2 dxc4 25. Qe2 Rxd1+ 26. Qxd1 Qd3 27. Qg4 g6 28. Ne1 Qa3 29. h4 Qxa4 30. h5 Be4
31. hxg6 Bxg6 32. Rh3 c3
0-1

[Event "For those of us in need of a bit more practise!"]
[Site "SchemingMind.com"]
[Date "2007.03.25"]
[Round "-"]
[White "Queeny"]
[Black "loulou19"]
[Result "0-1"]
[WhiteCountry "ENG"]
[BlackCountry "GBR"]
[WhiteElo "1283"]
[WhiteRD "88"]
[BlackElo "1457"]
[BlackRD "68"]
[GameID "98158"]

1. d4 d5 2. Nc3 Nf6 3. e3 Bf5 4. Be2 Nc6 5. Nf3 h6 6. Ne5 Nxe5 7. dxe5 Ne4 8. Nxd5 e6 9. Nf4 Bc5 10. Qxd8+ Kxd8
11. O-O g5 12. Rd1+ Ke7 13. Nd3 b6 14. b4 Nc3 15. Re1 Nxe2+ 16. Rxe2 Bxd3 17. cxd3 Bxb4 18. Rc2 Rac8 19. a3 Ba5 20. d4 c5
21. dxc5 Rhd8 22. Bb2 Rd5 23. c6 b5 24. Bd4 Bb6 25. Bxb6 axb6 26. g3 Rxe5 27. f4 Rd5 28. h4 Rd6 29. Rac1 gxh4 30. gxh4 h5
31. c7 Rd7 32. Rb1 Rdxc7 33. Rxc7+ Rxc7 34. Rxb5 Rc1+ 35. Kf2 f5 36. Rxb6 Rc2+ 37. Kf3 Ra2 38. Ra6 Ra1 39. a4 Rh1 40. Kg3 Re1
41. Kf3 Rh1 42. Kg3 Re1 43. Kf2 Rh1 44. Ra7+ Kf6 45. Kg3 Re1 46. a5 Rxe3+ 47. Kf2 Rh3 48. Ra8 Rxh4 49. Kg1 Rxf4 50. a6 Ra4
51. Kh2 Ke5 52. Kh3 Kd5 53. a7 Ke5 54. Rh8 Rxa7 55. Rxh5 Ra1 56. Kg3 Rf1 57. Rh2 f4+ 58. Kg2 Rc1 59. Rh5+ Ke4 60. Rh4 Rc2+
61. Kf1 e5 62. Rh3 f3 63. Rh4+ Ke3 64. Rh3 Rc1#
0-1

[Event "For those of us in need of a bit more practise!"]
[Site "SchemingMind.com"]
[Date "2007.03.25"]
[Round "-"]
[White "Queeny"]
[Black "joab"]
[Result "0-1"]
[WhiteCountry "ENG"]
[BlackCountry "CAN"]
[WhiteElo "1343"]
[WhiteRD "94"]
[BlackElo "1357"]
[BlackRD "50"]
[GameID "98159"]

1. d4 d5 2. Nc3 Nf6 3. e3 e6 4. Nf3 Bd7 5. Ne5 c5 6. Nxd7 Qxd7 7. Bb5 Nc6 8. a3 cxd4 9. exd4 Be7 10. Bf4 O-O
11. Qe2 a6 12. Bd3 Nxd4 13. Qe3 Bc5 14. Qd2 a5 15. a4 Rac8 16. Nb5 Nh5 17. Be5 Nc6 18. Qg5 Nxe5 19. Qxh5 Nxd3+ 20. cxd3 Bxf2+
21. Kxf2 Rc2+ 22. Kf3 Rxb2 23. Rhe1 Qe7 24. Qe5 Qb4 25. Rec1 Qd2 26. Rab1 Qxg2+
0-1

[Event "For those of us in need of a bit more practise!"]
[Site "SchemingMind.com"]
[Date "2007.03.25"]
[Round "-"]
[White "MIFL"]
[Black "Queeny"]
[Result "0-1"]
[WhiteCountry "USA"]
[BlackCountry "ENG"]
[WhiteElo "1298"]
[WhiteRD "74"]
[BlackElo "1283"]
[BlackRD "88"]
[GameID "98160"]

1. e4 e5 2. Bc4 Nf6 3. Nc3 c6 4. Nf3 d5 5. Bb3 d4 6. Ne2 Nbd7 7. Ng5 Rg8 8. Bxf7+ Ke7 9. Bxg8 Nxg8 10. b3 Ke8
11. Ne6 Qb6 12. c4 Nc5 13. Nxf8 Kxf8 14. Ba3 Ne7 15. d3 Kg8 16. b4 Ne6 17. O-O Qc7 18. Bc1 b5 19. c5 a5 20. Qb3 axb4
21. Qxb4 Qa5 22. Qb3 Kf8 23. h3 Nxc5 24. Qc2 b4 25. f4 exf4 26. Rxf4+ Ke8 27. Nxd4 Ne6 28. Nxc6 Qb6+ 29. Rf2 Nxc6 30. Be3 Ncd4
31. Qd1 Qd6 32. Qh5+ Kd7 33. Rf7+ Kc6 34. Rc1+ Kb6 35. Rc4 Ra5 36. Qxh7 Ba6 37. Bxd4+ Nxd4 38. Rxb4+ Qxb4 39. Qxg7 Rxa2 40. Qe5 Rc2
41. Rf6+ Nc6 42. Kh2 Qd2 43. Qd4+ Rc5 44. e5 Kb5 45. Rxc6 Rxc6 46. Qd5+ Rc5 47. Qb3+ Kc6 48. Qa4+ Bb5 49. Qa8+ Kb6 50. Qd8+ Rc7
51. Qd6+ Kb7 52. Qd5+ Bc6 53. Qb3+ Kc8 54. Qg8+ Kb7 55. Qb3+ Ka6 56. Qc4+ Kb6 57. d4 Qxg2#
0-1

[Event "For those of us in need of a bit more practise!"]
[Site "SchemingMind.com"]
[Date "2007.03.27"]
[Round "-"]
[White "Hexsaw"]
[Black "Queeny"]
[Result "0-1"]
[WhiteCountry "ENG"]
[BlackCountry "ENG"]
[WhiteElo "1317"]
[WhiteRD "78"]
[BlackElo "1347"]
[BlackRD "87"]
[GameID "98161"]

1. e4 e5 2. Nf3 Nc6 3. Bc4 f6 4. O-O Nh6 5. Nc3 Bc5 6. Nd5 Ng4 7. d3 a6 8. Be3 Bxe3 9. fxe3 b5 10. Bb3 Na5
11. Nxc7+ Qxc7 12. Re1 Bb7 13. c3 Qb6 14. d4 Bxe4 15. Nd2 f5 16. Nxe4 fxe4 17. dxe5 Nxe5 18. Rf1 Qxe3+ 19. Rf2 Rf8 20. Qe2 Qc5
21. g3 Rxf2 22. Qxf2 Qxf2+ 23. Kxf2 Nxb3 24. axb3 d5 25. b4 Nd3+ 26. Ke3 Kd7 27. Rf1 Ne5 28. Kd4 Kd6 29. Rf7 Nxf7 30. h4 Rf8
31. b3 Re8 32. c4 e3 33. c5+ Kc6 34. g4 e2 35. g5 e1=Q 36. Kd3 Qd1+ 37. Kc3 Re3+ 38. Kb2 Qxb3+ 39. Kc1 Qd3
0-1

[Event "For those of us in need of a bit more practise!"]
[Site "SchemingMind.com"]
[Date "2007.03.27"]
[Round "-"]
[White "St.Alfonzo"]
[Black "Queeny"]
[Result "1-0"]
[WhiteCountry "CAN"]
[BlackCountry "ENG"]
[WhiteElo "1253"]
[WhiteRD "105"]
[BlackElo "1343"]
[BlackRD "94"]
[GameID "98162"]

1. d4 d5 2. Nf3 Nf6 3. Nc3 Nc6 4. Bg5 h6 5. Bf4 g5 6. Bd2 Bf5 7. e4 dxe4 8. Ne5 Nxd4 9. Bc4 Be6 10. Bxe6 fxe6
11. Nxe4 Nxe4 12. Qh5#
1-0